Pedagogická prax v pregraduálnej príprave učiteľov

Pedagogická prax je neoddeliteľnou súčasťou pregraduálnej prípravy učiteľov a premostenie medzi teoretickou a praktickou prípravou. Identifikácia funkcií a úloh pedagogickej praxe v rámci učiteľského vzdelávania a rozvoj profesijných kompetencií budúcich učiteľov.

Gespeichert in:
Bibliographische Detailangaben
1. Verfasser: Orbánová, Darina
Format: Buchkapitel
Sprache:Slowakisch
Schlagworte:
Tags: Tag hinzufügen
Keine Tags, Fügen Sie das erste Tag hinzu!

MARC

LEADER 00000nla a2200000 4500
001 0226398
005 20240502073725.0
041 0 |a slo 
044 |a SK 
245 1 0 |a Pedagogická prax v pregraduálnej príprave učiteľov  |c Darina Orbánová 
520 |a Pedagogická prax je neoddeliteľnou súčasťou pregraduálnej prípravy učiteľov a premostenie medzi teoretickou a praktickou prípravou. Identifikácia funkcií a úloh pedagogickej praxe v rámci učiteľského vzdelávania a rozvoj profesijných kompetencií budúcich učiteľov. 
610 2 0 |a štúdium vysokoškolské 
610 2 0 |a učitelia 
610 2 0 |a zručnosti 
610 2 0 |a náročnosť profesionálna 
610 2 0 |a vzdelávanie 
610 2 0 |a príprava odborná 
610 2 0 |a prax odborná 
100 1 |a Orbánová, Darina